Legally blonde (Record no. 499)

MARC details
000 -LEADER
fixed length control field 03322ngm a2200697 a 4500
005 - DATE AND TIME OF LATEST TRANSACTION
control field 20260322212022.0
007 - PHYSICAL DESCRIPTION FIXED FIELD--GENERAL INFORMATION
fixed length control field data
008 - FIXED-LENGTH DATA ELEMENTS--GENERAL INFORMATION
fixed length control field data
020 ## - INTERNATIONAL STANDARD BOOK NUMBER
International Standard Book Number 079285120X
020 ## - INTERNATIONAL STANDARD BOOK NUMBER
International Standard Book Number 9780792851202
024 1# - OTHER STANDARD IDENTIFIER
Standard number or code 027616868268
028 42 - PUBLISHER OR DISTRIBUTOR NUMBER
Publisher or distributor number 1002626
Source MGM Home Entertainment
040 ## - CATALOGING SOURCE
Original cataloging agency TEF
Transcribing agency TEF
Modifying agency CtY
-- JED
-- CtY
041 1# - LANGUAGE CODE
Language code of text/sound track or separate title engfrespa
Language code of original eng
Language code of summary or abstract enffrespa
099 ## - LOCAL FREE-TEXT CALL NUMBER (OCLC)
Classification number DVD 807
001 - CONTROL NUMBER
control field data
245 00 - TITLE STATEMENT
Title Legally blonde
Medium [videorecording] /
Statement of responsibility, etc. Metro-Goldwyn-Mayer Pictures presents a Marc Platt production ; produced by Marc Platt, Ric Kidney ; screenplay by Karen McCullah Lutz & Kirsten Smith ; directed by Robert Luketic.
250 ## - EDITION STATEMENT
Edition statement Special ed.
260 ## - PUBLICATION, DISTRIBUTION, ETC.
Place of publication, distribution, etc. [United States] :
Name of publisher, distributor, etc. MGM Home Entertainment,
Date of publication, distribution, etc. c2001.
300 ## - PHYSICAL DESCRIPTION
Extent 1 videodisc (95 min.) :
Other physical details sd., col. ;
Dimensions 4 3/4 in.
500 ## - GENERAL NOTE
General note Originally produced as a motion picture in 2001.
500 ## - GENERAL NOTE
General note Special features: 16 x 9 widescreen and "pan & scan" versions; deleted scenes with intorductions by director Robert Luketic; 2 featurettes; 2 audio commentary tracks with the director, Reese Witherspoon, and film crew; trivia track.
508 ## - CREATION/PRODUCTION CREDITS NOTE
Creation/production credits note Director of photograpy, Anthony B. Richmond ; editors, Anita Brandt Burgoyne, Garth Craven ; music Rolfe Kent ; costume designer, Sophie de Rakoff Carbonell ; production designer, Melissa Stewart.
511 0# - PARTICIPANT OR PERFORMER NOTE
Participant or performer note Reese Witherspoon, Luke Wilson, Selma Blair, Matthew Davis, Victor Garber, Jennifer Coolidge, Holland Taylor, Ali Larter.
520 ## - SUMMARY, ETC.
Summary, etc. When a blonde sorority queen is dumped by her boyfriend, she decides to follow him to law school to get him back and, once there, learns she has more legal savvy than she ever imagined.
521 8# - TARGET AUDIENCE NOTE
Target audience note MPAA rating: PG-13.
538 ## - SYSTEM DETAILS NOTE
System details note DVD, Dolby 5.1 surround sound, stereo. surround sound.
546 ## - LANGUAGE NOTE
Language note English, French or Spanish soundtracks; English, French or Spanish subtitles.
590 ## - LOCAL NOTE (RLIN)
Local note Cast: Reese Witherspoon, Luke Wilson, Selma Blair, Matthew Davis, Victor Garber, Jennifer Coolidge, Holland Taylor, Ali Larter.
590 ## - LOCAL NOTE (RLIN)
Local note Includes special features.
590 ## - LOCAL NOTE (RLIN)
Local note MPAA rating: PG-13.
590 ## - LOCAL NOTE (RLIN)
Local note Originally produced as a motion picture in 2001.
592 ## -
-- When a blonde sorority queen is dumped by her boyfriend, she decides to follow him to law school to get him back and, once there, learns she has more legal savvy than she ever imagined.
610 20 - SUBJECT ADDED ENTRY--CORPORATE NAME
Corporate name or jurisdiction name as entry element Harvard University.
Subordinate unit School of Law
Form subdivision Drama.
650 #0 - SUBJECT ADDED ENTRY--TOPICAL TERM
Topical term or geographic name entry element Law students
Form subdivision Drama.
650 #0 - SUBJECT ADDED ENTRY--TOPICAL TERM
Topical term or geographic name entry element Feature films.
650 #0 - SUBJECT ADDED ENTRY--TOPICAL TERM
Topical term or geographic name entry element Video recordings.
650 #0 - SUBJECT ADDED ENTRY--TOPICAL TERM
Topical term or geographic name entry element Comedy films.
Source of heading or term lcsh
650 #0 - SUBJECT ADDED ENTRY--TOPICAL TERM
Topical term or geographic name entry element Video recordings for the hearing impaired.
Source of heading or term lcsh
700 1# - ADDED ENTRY--PERSONAL NAME
Personal name Platt, Marc E.
700 1# - ADDED ENTRY--PERSONAL NAME
Personal name Kidney, Ric.
700 1# - ADDED ENTRY--PERSONAL NAME
Personal name Lutz, Karen McCullah.
700 1# - ADDED ENTRY--PERSONAL NAME
Personal name Smith, Kirsten.
700 1# - ADDED ENTRY--PERSONAL NAME
Personal name Luketic, Robert.
700 1# - ADDED ENTRY--PERSONAL NAME
Personal name Witherspoon, Reese,
Dates associated with a name 1976-
700 1# - ADDED ENTRY--PERSONAL NAME
Personal name Wilson, Luke,
Dates associated with a name 1971-
700 1# - ADDED ENTRY--PERSONAL NAME
Personal name Blair, Selma.
700 1# - ADDED ENTRY--PERSONAL NAME
Personal name Davis, Matthew,
Dates associated with a name 1978-
700 1# - ADDED ENTRY--PERSONAL NAME
Personal name Garber, Victor.
700 1# - ADDED ENTRY--PERSONAL NAME
Personal name Coolidge, Jennifer.
700 1# - ADDED ENTRY--PERSONAL NAME
Personal name Taylor, Holland.
700 1# - ADDED ENTRY--PERSONAL NAME
Personal name Larter, Ali.
700 1# - ADDED ENTRY--PERSONAL NAME
Personal name Richmond, Anthony B.
700 1# - ADDED ENTRY--PERSONAL NAME
Personal name Brandt Burgoyne, Anita.
700 1# - ADDED ENTRY--PERSONAL NAME
Personal name Craven, Garth.
700 1# - ADDED ENTRY--PERSONAL NAME
Personal name Kent, Rolfe.
700 1# - ADDED ENTRY--PERSONAL NAME
Personal name Carbonell, Sophie de Rakoff.
700 1# - ADDED ENTRY--PERSONAL NAME
Personal name Stewart, Melissa.
710 2# - ADDED ENTRY--CORPORATE NAME
Corporate name or jurisdiction name as entry element Metro-Goldwyn-Mayer.
710 2# - ADDED ENTRY--CORPORATE NAME
Corporate name or jurisdiction name as entry element MGM Home Entertainment Inc.
Holdings
Withdrawn status Lost status Damaged status Not for loan Home library Current library Shelving location Date acquired Total checkouts Full call number Barcode Date last seen Price effective from Koha item type
        Liberty Liberty General stacks 22/03/2026   GEN BC0010510 22/03/2026 22/03/2026 Books